The law and the lawyers / (Record no. 180177)

MARC details
000 -LEADER
fixed length control field 00610nam a22001937a 4500
005 - DATE AND TIME OF LATEST TRANSACTION
control field 20210728105927.0
010 ## - LCCN (DPL NO)
LC control number B-740661
020 ## - INTERNATIONAL STANDARD BOOK NUMBER
Terms of availability 40.00
International Standard Book Number 8172290519
035 ## - SYSTEM CONTROL NUMBER
System control number B-7406661
037 ## - SOURCE OF ACQUISITION
Source of stock number/acquisition Gift
082 ## - DEWEY DECIMAL CLASSIFICATION NUMBER
Classification number 370
100 ## - MAIN ENTRY--PERSONAL NAME
Personal name Gandhi, M. K.
245 ## - TITLE STATEMENT
Title The law and the lawyers /
Statement of responsibility, etc by M. K. Gandhi ; compiled and edited by S. B. Kher
260 ## - PUBLICATION, DISTRIBUTION, ETC. (IMPRINT)
Name of publisher, distributor, etc Navajivan Publishing House
Date of publication, distribution, etc 2004
Place of publication, distribution, etc Ahmedabad
300 ## - PHYSICAL DESCRIPTION
Extent xxviii, 300p.
Dimensions 18cm(pbk)
700 ## - ADDED ENTRY--PERSONAL NAME
Personal name Kher, S.B.
942 ## - ADDED ENTRY ELEMENTS (KOHA)
Source of classification or shelving scheme Dewey Decimal Classification
Item type English Books
Classification part 370
Call number suffix GAN
Holdings
Withdrawn status Lost status Not for loan Collection code Home library Current library Date acquired Source of acquisition Cost, normal purchase price Full call number Barcode Copy number Cost, replacement price Koha item type Public note
      Non-fiction Central Library Central Library 28/07/2021 Gift/Eng/07-07-2021 40.00 370 GAN B-740661 1 40.00 English Books GIft

© Delhi Public Library
Hit Counter
free hit counter